Introducción a los métodos numéricos
Saved in:
| Hovedforfatter: | |
|---|---|
| Format: | Bog |
| Sprog: | spansk |
| Udgivet: |
Moscú
Mir
1986
|
| Fag: | |
| Tags: |
Tilføj Tag
Ingen Tags, Vær først til at tagge denne postø!
|
MARC
| LEADER | 00000nam a2200000 a 4500 | ||
|---|---|---|---|
| 001 | UCP0029 | ||
| 003 | CL-VaPUC | ||
| 008 | 990128e19860000RU |||||||||||||||||spa|d | ||
| 082 | 0 | 4 | |a 519.4 |b SAM |2 21 |
| 100 | 0 | |a Samarski, A. A |e author |9 424835 | |
| 245 | 1 | 0 | |a Introducción a los métodos numéricos |
| 300 | |a 308 p | ||
| 942 | |c BK | ||
| 945 | |d 19990128 00:00:00 |a crobeson | ||
| 260 | |a Moscú |b Mir |c 1986 | ||
| 650 | 0 | |a Análisis numérico |9 259387 | |
| 650 | 7 | |a ECUACIONES DE DIFERENCIAS |2 CL-VaPUC |9 269864 | |
| 650 | 7 | |a INTEGRACION NUMERICA |2 CL-VaPUC |9 424836 | |
| 650 | 7 | |a INTERPOLACION NUMERICA |2 CL-VaPUC |9 424837 | |
| 650 | 0 | |a Sistemas de ecuaciones lineales |9 424838 | |
| 650 | 7 | |a ECUACIONES ELIPTICAS |2 CL-VaPUC |9 424132 | |
| 583 | |a last modification |c 20130317 12:14:41 |k Rodrigo Vera | ||
| 999 | |c 278915 |d 278913 | ||